All Brawlhalla Legends By Splash Art - Statistics

General Stats
  • This quiz has been taken 207 times
  • The average score is 54 of 64
Answer Stats
Picture Answer % Correct
Ada
96%
Artemis
93%
Bödvar
91%
Caspian
91%
Cassidy
91%
Ezio
91%
Hattori
91%
Rayman
90%
Diana
89%
Dusk
89%
Ember
89%
Orion
89%
Brynn
88%
Kor
88%
Queen Nai
88%
Barraza
87%
Nix
87%
Petra
87%
Asuri
86%
Fait
86%
Gnash
86%
Isaiah
86%
Jiro
86%
Koji
86%
Mako
86%
Mordex
86%
Thor
86%
Wu Shang
86%
Yumiko
86%
Azoth
85%
Cross
85%
Imugi
85%
Loki
85%
Lord Vraxx
85%
Mirage
85%
Kaya
84%
Lin Fei
84%
Lucien
84%
Onyx
84%
Teros
84%
Thatch
84%
Arcadia
83%
Scarlet
83%
Sir Roland
83%
Ulgrim
82%
Xull
82%
Zariel
82%
Jaeyun
81%
Val
81%
Vector
81%
Ragnir
80%
Tezca
80%
Magyar
79%
Red Raptor
79%
Sentinel
79%
Seven
79%
Sidra
79%
Thea
79%
Volkov
79%
Jhala
76%
Munin
76%
Reno
74%
Vivi
74%
King Zuva
73%
No matching quizzes found
Score Distribution
Percent of People with Each Score
Percentile by Number Answered
Your Score History
You have not taken this quiz